Fundamentos de ecología /

Guardado en:
Autor Principal: Odum, Eugene P. 1913-2002.
Otros Autores: Barrett, Gary W.
Formato: Libro
Idioma:Spanish
English
Publicado: México, D.F. : Cengage Learning, c2006.
Edición:5a. ed.
Materias:
Etiquetas: Agregar Etiqueta
Sin Etiquetas, Sea el primero en etiquetar este registro!
LEADER 00920nam a22002295a 4500
001 EUN.eunm003549
005 20111107122048.0
008 110601s2006####mx#a#####b####001#0#spa#d
020 |a 9706864709 
020 |a 9789706864709 (ISBN-13) 
041 1 |a spa  |h eng 
082 0 4 |a 574.5  |2 19 
100 1 |a Odum, Eugene P.  |q (Eugene Pleasants),  |d 1913-2002. 
245 1 0 |a Fundamentos de ecología /  |c Eugene P. Odum, Gary W. Barrett ; revisión técnica: Álvaro Chaos Cador ; traducción: Teresa Aguilar Ortega. 
250 |a 5a. ed. 
260 |a México, D.F. :  |b Cengage Learning,  |c c2006. 
300 |a xvi, 597 p. :  |b il. ;  |c 26 cm. 
500 |a Traducción de: Fundamentals of ecology, 5th ed.; publicado por Thomson/Brooks/Cole, c2005. 
504 |a Incluye referencias bibliográficas e índices. 
650 7 |a Ecología.  |2 unbist 
700 1 |a Barrett, Gary W. 
859 |a AR-BaUNS  |b BIB. CENTRAL - Sector A  |h 574.5  |i Od8-2a3  |p 122144/011